01398nam a22002778a 450000500170000000800410001701000140005802000260007202000150009803500130011303700150012604000180014108200120015910000210017124500500019224600440024226000500028630000230033650000200035950505300037965000190090965000170092894200260094599900170097195201320098820070727210110.0070719s2008 nyu 000 0 eng  aENG-91196 a9780070264762c475.00 a0070264767 aEN-74729 bDBAD / PUB adplbEnglish  a650.142 aBetrus, Michael. a202 great cover letters /cby Michael Betrus. aTwo hundred and two great cover letters aNew Delhi bTata McGraw-Hill Pubsihingc2008. a282p.c30cm (pbk)  aIncludes index  aHow to use this guide -- Writing a cover letter -- Street-smart writing tips -- Creating a solutions-based letter -- The hiring vantage point -- Broadcast letters -- Responses to job postings and classified ads -- Writing to an executive recruiter -- Networking -- Target companies directly -- Utilizing the consultative sales approach -- Letters for students -- Functional areas of expertise -- Contact during and after the interview process -- Reference and complimentary letters -- Resignation letters -- Keywords to know. aCover letters. aJob hunting. 2ddccENh650.142mBET c16338d16338 00102ddc40718NFICaDBADbDBADd2008-10-07g475.00l0o650.142 BETpEN-74729r2008-10-07 00:00:00t1v475.00w2008-10-07yEN